banner-ar

تلقيح فهوم اهل الاثر فى عيون التاريخ والسير / (Record no. 58693)

MARC details
000 -الفاتح
حقل البيانات ثابتة الطول 00741nam a2200205Ia 4500
005 - وقت وتاريخ اخر تعامل مع التسجيلة
رقم الضبط 20240530110120.0
008 - عناصر البيانات ثابتة الطول - معلومات عامة
حقل البيانات ثابتة الطول 140319s9999 xx 000 0 ara d
040 ## - مصدر الفهرسة
وكالة الفهرسة الأصلية GCL /
وكالة النسخ GCL
082 04 - رقم تصنيف ديوى العشرى
رقم التصنيف 230.9
رقم المادة ج ت
100 1# - المدخل الرئيسى - إسم شخصى
الإسم الشخصى عبدالرحمن الجوزى، عبدالرحمن بن على بن محمد،1116 - 1201 م
245 10 - بيان العنوان
العنوان تلقيح فهوم اهل الاثر فى عيون التاريخ والسير /
بيان المسئوليه,etc عبدالرحمن الجوزى، عبدالرحمن بن على بن محمد 1116 - 1201 م
300 ## - الوصف المادى
التعداد 742 ص
650 04 - المدخل الاضافى بالموضوع-مصطلح موضوعى
مصطلح موضوعي الاسلام
650 04 - المدخل الاضافى بالموضوع-مصطلح موضوعى
مصطلح موضوعي الحديث
650 04 - المدخل الاضافى بالموضوع-مصطلح موضوعى
مصطلح موضوعي الاسناد
650 04 - المدخل الاضافى بالموضوع-مصطلح موضوعى
مصطلح موضوعي القران
942 ## - عناصر المدخل الإضافي( كوها)
مصدر التصنيف او مخطط الترفيف Dewey Decimal Classification
Koha [default] item type كتاب
260 ## - PUBLICATION, DISTRIBUTION, ETC. (IMPRINT)
-- [S.N] :
-- دار الكتب المصرية
Holdings
حالة التراجع حالة الفقد حالة تلف ليس للاعارة المكان المؤقت الموقع الحالى تاريخ الاكتساب اجمالي اﻻعارات رقم الطلب الباركود تاريخ اخر مشاهدة تاريخ تفعيل السعر نوع وعاء كوها
        مكتبة القاهرة الكبرى مكتبة القاهرة الكبرى 03/26/2014   230.9\ج ت 152167 03/26/2014 03/26/2014 كتاب
        مكتبة القاهرة الكبرى مكتبة القاهرة الكبرى 03/26/2014   230.9\ج ت 152168 03/26/2014 03/26/2014 كتاب
        مكتبة القاهرة الكبرى مكتبة القاهرة الكبرى 03/26/2014   230.9\ج ت 152169 03/26/2014 03/26/2014 كتاب
        مكتبة القاهرة الكبرى مكتبة القاهرة الكبرى 03/26/2014   230.9\ج ت 152170 03/26/2014 03/26/2014 كتاب

Powered By

EGPV